| 000 -LEADER |
| fixed length control field |
00743nam a22001337a 4500 |
| 040 ## - CATALOGING SOURCE |
| Transcribing agency |
RUA |
| 082 ## - DEWEY DECIMAL CLASSIFICATION NUMBER |
| Classification number |
LMA HOR 2017 B652 Or.1 |
| 100 ## - MAIN ENTRY--AUTHOR NAME |
| Personal name |
HORM SREYKHECH ហម ស្រីខិច |
| 245 ## - TITLE STATEMENT |
| Title |
study on any tool of land for contribute to delvelopment urban in sambour commune, siem reab district, siem reab province សិក្សារពីឧបករណ៏ដីធ្លីមួយចំនួនដើម្បីចូលរួមចំណែកការអភិវឌ្ឍន៏ជនបទក្នុងសង្កាត់សំបូរ ក្រុងសៀមរាបខេត្តសៀមរាម |
| 260 ## - PUBLICATION, DISTRIBUTION, ETC. (IMPRINT) |
| Place of publication |
RUA |
| Name of publisher |
Phnom penh |
| Year of publication |
2017 |
| 300 ## - PHYSICAL DESCRIPTION |
| Number of Pages |
v;49p |
| Other physical details |
ill; |
| Dimensions |
29cm |
| 856 ## - ELECTRONIC LOCATION AND ACCESS |
| Uniform Resource Identifier |
HORM SREYKHECH |
| 942 ## - ADDED ENTRY ELEMENTS (KOHA) |
| Koha item type |
LMA |
| 952 ## - LOCATION AND ITEM INFORMATION (KOHA) |
| Withdrawn status [LOCAL, KOHA] |
0 |
| 952 ## - LOCATION AND ITEM INFORMATION (KOHA) |
| Withdrawn status [LOCAL, KOHA] |
0 |
| 952 ## - LOCATION AND ITEM INFORMATION (KOHA) |
| Withdrawn status [LOCAL, KOHA] |
0 |
| 952 ## - LOCATION AND ITEM INFORMATION (KOHA) |
| Withdrawn status [LOCAL, KOHA] |
0 |
| 952 ## - LOCATION AND ITEM INFORMATION (KOHA) |
| Withdrawn status [LOCAL, KOHA] |
0 |
| 952 ## - LOCATION AND ITEM INFORMATION (KOHA) |
| Withdrawn status [LOCAL, KOHA] |
0 |